LIBRARY & INFORMATION CENTRE, KCAET, TAVANUR

ONLINE PUBLIC ACCESS CATALOGUE (OPAC)

Machines for earthmoving work: Theory and calculations / (Record no. 7313)

MARC details
000 -LEADER
fixed length control field 00526cam a2200193ua 4500
020 ## - INTERNATIONAL STANDARD BOOK NUMBER
ISBN 81-205-0089-X
041 ## - LANGUAGE CODE
Language code of text/sound track or separate title eng
082 ## - DEWEY DECIMAL CLASSIFICATION NUMBER
Classification number 631.37
Item number ALE/MA
100 ## - MAIN ENTRY--AUTHOR NAME
Personal name Alekseeva, T V .
245 ## - TITLE STATEMENT
Title Machines for earthmoving work: Theory and calculations /
250 ## - EDITION STATEMENT
Edition statement 1 /
260 ## - PUBLICATION, DISTRIBUTION, ETC. (IMPRINT)
Place of publication New Delhi :
Name of publisher Amerind Publishing Co Pvt Ltd ,
Year of publication 1985.
300 ## - PHYSICAL DESCRIPTION
Number of Pages 515 ; .
942 ## - ADDED ENTRY ELEMENTS (KOHA)
Koha item type Books
Holdings
Withdrawn status Lost status Damaged status Home library Current library Date acquired Full call number Accession Number Koha item type
      KAUAET KAUAET 07/04/2012 631.37 17732 Books
      KAUAET KAUAET 02/09/1986 631.37 15615 Books
free website counter